000 00744nam a2200205Ia 4500
003 IN-BaIIA
008 211028s9999 xx 000 0 eng d
020 _a3-540-66977-9
040 _cIIA Library
080 _a621.391
_bFIB
245 0 _aFibre optic communication devices
_cedited by N. Grote and Venghaus, H.,
260 _aBerlin
_bSpringer-Verlag
_c2001
300 _axxi, 465p.
490 _aSpringer series in photonics; 4
650 _aOptical communications - equipmenta and supplies
_924647
650 _aOptoelectronic devices
_924648
700 _aGrote, N., ed.
_924649
700 _aVenghaus, H., ed.
_924650
942 _cBK
999 _c14044
_d14044